Marketing performance assessment in businesses in Slovakia

Význam hodnotenia marketingovej výkonnosti najmä v súvislosti s výkonnosťou podniku. Prehľad základných prístupov v oblasti merania marketingovej výkonnosti a najčastejšie používaných ukazovateľov. Analýza úrovne hodnotenia marketingovej výkonnosti podnikov na Slovensku, ako aj problémov merania mar...

Ausführliche Beschreibung

Gespeichert in:
Bibliographische Detailangaben
1. Verfasser: Dubcová, Gabriela, 1968-
Weitere Verfasser: Grančičová, Katarína, 1967-, Hrušovská, Dana, 1964-
Format: Buchkapitel
Sprache:Englisch
Schlagworte:
Tags: Tag hinzufügen
Keine Tags, Fügen Sie das erste Tag hinzu!

MARC

LEADER 00000nla a2200000 4500
001 0235974
005 20240522134420.7
041 0 |a eng 
044 |a CZ 
245 1 0 |a Marketing performance assessment in businesses in Slovakia  |c Gabriela Dubcová, Katarína Grančičová, Dana Hrušovská 
520 |a Význam hodnotenia marketingovej výkonnosti najmä v súvislosti s výkonnosťou podniku. Prehľad základných prístupov v oblasti merania marketingovej výkonnosti a najčastejšie používaných ukazovateľov. Analýza úrovne hodnotenia marketingovej výkonnosti podnikov na Slovensku, ako aj problémov merania marketingovej výkonnosti na základe prieskumu z obdobia 11/2016-03/2017. 
610 2 0 |a marketing 
610 2 0 |a výkonnosť 
610 2 0 |a výkonnosť podniku 
610 2 0 |a meranie výkonnosti 
610 2 0 |a podnik 
610 2 0 |a ukazovatele 
610 2 0 |a ukazovatele výkonnosti 
610 2 0 |a Slovensko 
100 1 |a Dubcová, Gabriela, 1968- 
700 1 |a Grančičová, Katarína, 1967- 
700 1 |a Hrušovská, Dana, 1964-